Statistiques concernant Scientifiques par lettre - B

Cliquez ici pour prendre le quiz!

Statistiques générales

  • Ce quiz a été pris 88 fois
  • Le résultat moyen est 5 sur 16

Statistiques - réponses

IndiceRéponse% Correct
Connu (à tort) pour avoir inventé le téléphoneAlexander Graham Bell
85%
Il est connu pour le mouvement brownienRobert Brown
81%
Inventeur d'un système d'écriture tactile pour les malvoyants/aveuglesLouis Braille
75%
Danois ayant reçu le prix Nobel en 1922 pour son modèle de la structure de l'atomeNiels Bohr
69%
Famille ayant de nombreuses contributions en mathématique et physique. Une loi de probabilité porte leur nomFamille Bernoulli
43%
Il a découvert la radioactivité par hasardHenri Becquerel
35%
Français ayant découvert la nature ondulatoire des électronsLouis de Broglie
27%
Chirurgien sud-africain ayant fait la première greffe de cœurChristian Barnard
26%
kB = 1,38 × 10^(-23) m² kg s-2 K-1Ludwig Boltzmann
25%
Pionnier de la théorie de la mesure, une tribu est nommée en son nomEmile Borel
14%
Mathématicien polonais du XXe siècle. Une catégorie d'espace vectoriel (ceux normés et complets) porte son nomStefan Banach
14%
Il est connu pour une loi importante des probabilitésThomas Bayes
14%
Il a été le premier à proposer une interprétation statistique de la fonction d'ondeMax Born
11%
Il a trouvé, avec Félix Savart, la loi qui donne le champ magnétique créé par une distribution de courants continusJean-Baptiste Biot
10%
Il a participé à la découverte du bosonSatyendranath Bose
5%
Père et fils ayant travaillé sur l'analyse des structures cristallines à l'aide des rayons XWilliam Lawrence et William Henry Bragg
5%

Distribution des résultats

Percentile par nombre de réponses

% des personnes avec chaque résultat

Votre développement - résultats

Vous n’avez pas pris ce quiz